MARC details
| 000 -CABECERA |
| campo de control de longitud fija |
01090cam a2200229 a 4500 |
| 001 - NÚMERO DE CONTROL |
| campo de control |
000006918 |
| 005 - FECHA Y HORA DE LA ÚLTIMA TRANSACCIÓN |
| campo de control |
20200929154023.0 |
| 008 - DATOS DE LONGITUD FIJA--INFORMACIÓN GENERAL |
| campo de control de longitud fija |
750404s1969 pr b 000 0 spa d |
| 040 ## - FUENTE DE LA CATALOGACIÓN |
| Centro catalogador/agencia de origen |
DO-SdBNP |
| Centro/agencia transcriptor |
NAlU |
| Centro/agencia modificador |
OCoLC |
| -- |
NNerI |
| -- |
DLC |
| -- |
BNPHU |
| 042 ## - CÓDIGO DE AUTENTICACIÓN |
| Código de autenticación |
premarc |
| 082 ## - NÚMERO DE LA CLASIFICACIÓN DECIMAL DEWEY |
| Número de clasificación |
PR860.44 |
| -- |
L776 |
| 049 ## - FONDOS LOCALES (OCLC) |
| Fondos de biblioteca |
BNGR |
| 111 1# - ENTRADA PRINCIPAL--NOMBRE DE CONGRESO/REUNIÓN |
| Nombre de congreso/reunión o jurisdicción como elemento de entrada |
Litetatura Puertoriqueña, |
| Sede del congreso/Lugar de la reunión |
Puerto Rico |
| 9 (RLIN) |
19181 |
| 245 10 - MENCIÓN DE TÍTULO |
| Título |
Literatura puertorriqueña : |
| Resto del título |
21 conferencias. |
| 260 ## - PUBLICACIÓN, DISTRIBUCIÓN, ETC. |
| Lugar de publicación, distribución, etc. |
San Juan de Puerto Rico : |
| Nombre del editor, distribuidor, etc. |
Instituto de Cultura Puertorriqueña, |
| Fecha de publicación, distribución, etc. |
1969. |
| 300 ## - DESCRIPCIÓN FÍSICA |
| Extensión |
616 p. ; |
| Dimensiones |
22 cm. |
| 500 ## - NOTA GENERAL |
| Nota general |
"Este tomo recoge las disertaciones ... pronunciadas por literatos, investigadores y criticos puertorriquenos en la Biblioteca General de la Universidad de Puerto Rico y en el Instituto de Cultura Puertorriquena, durante el periodo comprendido entre el 15 de noviembre de 1957 y el 20 de junio de 1958." |
| 504 ## - NOTA DE BIBLIOGRAFÍA, ETC. |
| Nota de bibliografía, etc. |
Incluye notas y referencias bibliográficas al pie de las páginas |
| 650 #4 - PUNTO DE ACCESO ADICIONAL DE MATERIA--TÉRMINO DE MATERIA |
| Término de materia o nombre geográfico como elemento de entrada |
Literatura puertorriqueña |
| 9 (RLIN) |
250 |
| 650 #4 - PUNTO DE ACCESO ADICIONAL DE MATERIA--TÉRMINO DE MATERIA |
| Término de materia o nombre geográfico como elemento de entrada |
Literatura puertorriqueña |
| Subdivisión general |
Confrencias |
| 9 (RLIN) |
19182 |
| 910 ## - DATOS DE OPCIÓN DEL USUARIO (OCLC) |
| Datos de opción del usuario |
Catalogación derivada |